=LDR 00000nam 2200000 4500 =001 INLIS000000000024821 =005 20130612123400 =008 ***********************************Ind** =035 ##$$0010-061300000024821 =041 ##$$a Ind =082 ##$$a 813 =090 ##$$a 813, Kus m =100 ##$$a Kusuma, D =245 ##$$a Marsudi si anak tiri dari desa waleri, D. Kusuma =260 ##$$a 1990 $b Jakarta =300 ##$$a 140 hlm, ilus, 21 cm =650 ##$$a Fiksi Indonesia =850 ##$$a NBPNMAT